Statistics for Largest stadiums in Europe

Click here to take the quiz!

General Stats

  • This quiz has been taken 15 times
  • The average score is 2 of 10

Answer Stats

CapacityAnswer% Correct
90000Wembley
77%
99354Camp Nou
69%
81044Bernabeu
54%
81338Stade De France
23%
82000Twickenham
8%
81359Westfalenstadion
8%
82300Croke Park
0%
81277Stadio Guiseppe Meazza
0%
81000Luzhniki
0%
76092Ataturk
0%

Score Distribution

Percentile by Number Answered

Percent of People with Each Score

Your Score History

You have not taken this quiz